LEADER 01090nam0 22002891i 450 001 UON00211403 005 20231205103336.694 010 $a88-05-05534-4 100 $a20030730d1995 |0itac50 ba 101 $aita 102 $aIT 105 $a|||| 1|||| 200 1 $aBeato Angelico$eil Convento di San Marco$fWilliam Hood 210 $aTorino$cS.E.I.$d1995 215 $a127 p.$ctav.$d18 cm. 316 $aLibreria Senese Fatt. N. 398/98$5IT-UONSI AR DUOMOIV/0071 606 $aBEATO ANGELICO$3UONC056267$2FI 620 $aIT$dTorino$3UONL000014 676 $a750.92$cPittori$v21 700 1$aHOOD$bWilliam$3UONV127338$0261246 712 $aSEI, Società Editrice Internazionale$3UONV267202$4650 801 $aIT$bSOL$c20241122$gRICA 899 $aSIBA - SISTEMA BIBLIOTECARIO DI ATENEO$2UONSI 912 $aUON00211403 950 $aSIBA - SISTEMA BIBLIOTECARIO DI ATENEO$dSI AR DUOMO IV 0071 $eSI EO 29288 5 0071 Libreria Senese Fatt. N. 398/98 996 $aBeato Angelico$91261897 997 $aUNIOR